000 00326 a2200145 4500
001 176439
020 _a
040 _cMagnum
100 _aPiffer, Osvaldo
240 1 0 _aEstudando as paisagens/8 serie
_lpor
245 1 0 _aEstudando as paisagens/8 serie
362 0 _a1899
697 _aMAGNITO: PARADIDATICO
942 _cBK
999 _c176439
_d176439